000 00957nam a2200241 i 4500
001 182237
003 ES-MaACL
005 20250829062549.0
008 130723s1927 fr |||| | fre d
245 0 2 _aL'art cinématographique.
_nIII /
_cAndré Maurois, Émile Vuillermoz, André Lang, André Berge.
260 _aParis :
_bFélix Alcan,
_c1927.
300 _a149 p., VIII h. de lám. ;
_c19 cm.
505 8 _aContiene: Maurois, André. La poésie du cinéma. - Vuillermoz, Emile. La musique des images. - Lang, André. Théâtre et cinéma. - Berge, André. Cinéma et littérature
650 0 7 _aCine
_2embne
_911010
650 7 _aEstética cinematográfica
_2embne
_912542
650 4 _aArte-
_xEn el cine.
_9153070
700 1 _aMaurois, André,
_d1885-1967
_979267
700 1 _aVuillermoz, Émile.
_9141427
700 1 _aLang, André.
_9153073
700 1 _aBerge, A.
_927940
852 _aES-MaACL
_jC-7030
999 _c182237
_d182237